<?xml version="1.0" encoding="UTF-8"?>
<record
    xmlns:xsi="http://www.w3.org/2001/XMLSchema-instance"
    xsi:schemaLocation="http://www.loc.gov/MARC21/slim http://www.loc.gov/standards/marcxml/schema/MARC21slim.xsd"
    xmlns="http://www.loc.gov/MARC21/slim">

  <leader>02294cam a2200445 i 4500</leader>
  <controlfield tag="001">8602238</controlfield>
  <controlfield tag="003">OSt</controlfield>
  <controlfield tag="005">20150408114111.0</controlfield>
  <controlfield tag="008">101014s2012    paua     b    001 0 eng  </controlfield>
  <datafield tag="010" ind1=" " ind2=" ">
    <subfield code="a">  2010044281</subfield>
  </datafield>
  <datafield tag="015" ind1=" " ind2=" ">
    <subfield code="a">GBB0B1012</subfield>
    <subfield code="2">bnb</subfield>
  </datafield>
  <datafield tag="016" ind1="7" ind2=" ">
    <subfield code="a">101544150</subfield>
    <subfield code="2">DNLM</subfield>
  </datafield>
  <datafield tag="016" ind1="7" ind2=" ">
    <subfield code="a">015649763</subfield>
    <subfield code="2">Uk</subfield>
  </datafield>
  <datafield tag="020" ind1=" " ind2=" ">
    <subfield code="a">9781605477084 (hardback)</subfield>
  </datafield>
  <datafield tag="020" ind1=" " ind2=" ">
    <subfield code="a">1605477087 (hardback)</subfield>
  </datafield>
  <datafield tag="020" ind1=" " ind2=" ">
    <subfield code="a">9781451109146 (hbk.)</subfield>
  </datafield>
  <datafield tag="020" ind1=" " ind2=" ">
    <subfield code="a">1451109148 (hbk.)</subfield>
  </datafield>
  <datafield tag="035" ind1=" " ind2=" ">
    <subfield code="a">(OCoLC)ocn664325099</subfield>
  </datafield>
  <datafield tag="035" ind1=" " ind2=" ">
    <subfield code="a">(OCoLC)664325099</subfield>
  </datafield>
  <datafield tag="035" ind1=" " ind2=" ">
    <subfield code="a">(NNC)8602238</subfield>
  </datafield>
  <datafield tag="040" ind1=" " ind2=" ">
    <subfield code="a">DNLM/DLC</subfield>
    <subfield code="e">rda</subfield>
    <subfield code="c">DLC</subfield>
    <subfield code="d">YDX</subfield>
    <subfield code="d">NLM</subfield>
    <subfield code="d">UKM</subfield>
    <subfield code="d">YDXCP</subfield>
    <subfield code="d">WS7</subfield>
    <subfield code="d">NTE</subfield>
    <subfield code="d">NLGGC</subfield>
    <subfield code="d">BWX</subfield>
  </datafield>
  <datafield tag="042" ind1=" " ind2=" ">
    <subfield code="a">pcc</subfield>
  </datafield>
  <datafield tag="050" ind1="0" ind2="0">
    <subfield code="a">RT81.5</subfield>
    <subfield code="b">.P64 2012</subfield>
  </datafield>
  <datafield tag="060" ind1="1" ind2="0">
    <subfield code="a">WY 20.5</subfield>
  </datafield>
  <datafield tag="082" ind1="0" ind2="0">
    <subfield code="a">610.73072</subfield>
    <subfield code="2">22</subfield>
    <subfield code="b">PDN</subfield>
  </datafield>
  <datafield tag="084" ind1=" " ind2=" ">
    <subfield code="a">44.63</subfield>
    <subfield code="2">bcl</subfield>
  </datafield>
  <datafield tag="100" ind1="1" ind2=" ">
    <subfield code="a">Polit, Denise F.,</subfield>
    <subfield code="e">author.</subfield>
    <subfield code="9">19894</subfield>
  </datafield>
  <datafield tag="245" ind1="1" ind2="0">
    <subfield code="a">Nursing research :</subfield>
    <subfield code="b">generating and assessing evidence for nursing practice /</subfield>
    <subfield code="c">Denise F. Polit, PhD, FAAN, President, Humanalysis, Inc., Saratoga Springs, New York, and Professor, Griffith University School of Nursing, Gold Coast, Australia  (www.denisepolit.com), Cheryl Tatano Beck, DNSc, CNM, FAAN, Distinguished Professor, School of Nursing, University of Connecticut, Storrs, Connecticut.</subfield>
  </datafield>
  <datafield tag="250" ind1=" " ind2=" ">
    <subfield code="a">Ninth Edition.</subfield>
  </datafield>
  <datafield tag="260" ind1=" " ind2=" ">
    <subfield code="a">Philadelphia :</subfield>
    <subfield code="b">Wolters Kluwer Health/Lippincott Williams &amp; Wilkins,</subfield>
    <subfield code="c">&#xA9;2012.</subfield>
  </datafield>
  <datafield tag="300" ind1=" " ind2=" ">
    <subfield code="a">xiv, 802 pages :</subfield>
    <subfield code="b">illustrations (some color) ;</subfield>
    <subfield code="c">24 cm.</subfield>
  </datafield>
  <datafield tag="504" ind1=" " ind2=" ">
    <subfield code="a">Includes bibliographical references and index.</subfield>
  </datafield>
  <datafield tag="520" ind1=" " ind2=" ">
    <subfield code="a">"Thoroughly updated and revised to emphasize the link between research and evidence-based practice, this Ninth Edition of a classic textbook presents state-of-the-art methods for conducting high-quality studies. The ancillary Resource Manual includes application exercises, models of comprehensive research critiques, a full NINR grant application, and a Toolkit on a CD-ROM, containing exemplary research tools (e.g., consent forms, a demographic questionnaire, statistical table templates)--all in easily-adapted Word documents"--Provided by publisher.</subfield>
  </datafield>
  <datafield tag="650" ind1=" " ind2="0">
    <subfield code="a">Nursing</subfield>
    <subfield code="x">Research</subfield>
    <subfield code="x">Methodology.</subfield>
    <subfield code="9">11284</subfield>
  </datafield>
  <datafield tag="650" ind1="1" ind2="7">
    <subfield code="a">Onderzoek</subfield>
    <subfield code="2">gtt</subfield>
    <subfield code="9">19895</subfield>
  </datafield>
  <datafield tag="650" ind1="1" ind2="2">
    <subfield code="a">Nursing Research</subfield>
    <subfield code="x">methods.</subfield>
    <subfield code="9">11525</subfield>
  </datafield>
  <datafield tag="700" ind1="1" ind2=" ">
    <subfield code="a">Beck, Cheryl Tatano,</subfield>
    <subfield code="e">author.</subfield>
    <subfield code="9">19896</subfield>
  </datafield>
  <datafield tag="942" ind1=" " ind2=" ">
    <subfield code="2">ddc</subfield>
    <subfield code="c">DVD</subfield>
  </datafield>
  <datafield tag="999" ind1=" " ind2=" ">
    <subfield code="c">27082</subfield>
    <subfield code="d">261582</subfield>
  </datafield>
  <datafield tag="952" ind1=" " ind2=" ">
    <subfield code="1">0</subfield>
    <subfield code="2">2013-03-10</subfield>
    <subfield code="4">0</subfield>
    <subfield code="7">1</subfield>
    <subfield code="a">610.73072 PDN</subfield>
    <subfield code="c">n 1</subfield>
    <subfield code="d">2013-01-27</subfield>
    <subfield code="h">AMF</subfield>
    <subfield code="i">00500240</subfield>
    <subfield code="m">AMF</subfield>
    <subfield code="o">1</subfield>
    <subfield code="q">2022-12-06</subfield>
    <subfield code="r">2023-03-01 00:00:00</subfield>
    <subfield code="t">BOOK</subfield>
    <subfield code="w">ddc</subfield>
    <subfield code="y">8</subfield>
  </datafield>
  <datafield tag="952" ind1=" " ind2=" ">
    <subfield code="1">0</subfield>
    <subfield code="2">2013-03-10</subfield>
    <subfield code="4">0</subfield>
    <subfield code="7">0</subfield>
    <subfield code="a">610.73072 PDN</subfield>
    <subfield code="d">2013-01-27</subfield>
    <subfield code="h">AMF</subfield>
    <subfield code="i">00500469</subfield>
    <subfield code="m">AMF</subfield>
    <subfield code="o">2</subfield>
    <subfield code="q">2022-09-28</subfield>
    <subfield code="r">2022-10-02 00:00:00</subfield>
    <subfield code="t">BOOK</subfield>
    <subfield code="w">ddc</subfield>
    <subfield code="y">4</subfield>
  </datafield>
  <datafield tag="952" ind1=" " ind2=" ">
    <subfield code="1">0</subfield>
    <subfield code="2">2013-03-10</subfield>
    <subfield code="4">0</subfield>
    <subfield code="7">0</subfield>
    <subfield code="a">610.73072 PDN</subfield>
    <subfield code="d">2013-01-27</subfield>
    <subfield code="h">AMF</subfield>
    <subfield code="i">00500468</subfield>
    <subfield code="m">AMF</subfield>
    <subfield code="o">2</subfield>
    <subfield code="q">2022-09-28</subfield>
    <subfield code="r">2022-10-02 00:00:00</subfield>
    <subfield code="t">BOOK</subfield>
    <subfield code="w">ddc</subfield>
    <subfield code="y">4</subfield>
  </datafield>
  <datafield tag="952" ind1=" " ind2=" ">
    <subfield code="1">0</subfield>
    <subfield code="2">2022-12-15</subfield>
    <subfield code="4">0</subfield>
    <subfield code="7">1</subfield>
    <subfield code="a">610.73072 PDN</subfield>
    <subfield code="d">2022-12-15</subfield>
    <subfield code="h">CL</subfield>
    <subfield code="i">00270388</subfield>
    <subfield code="m">CL</subfield>
    <subfield code="r">2022-12-15 00:00:00</subfield>
    <subfield code="t">DVD</subfield>
    <subfield code="w">ddc</subfield>
    <subfield code="y">0</subfield>
  </datafield>
</record>
